=LDR 00000nam 2200000 4500 =001 INLIS000000000008755 =005 20201105090943 =035 ##$$a 0010-061300000008755 =008 201105###########################0###### =041 ##$$a Ind =082 ##$$a 351.003 =090 ##$$a 351.003, Sur r =100 ##$$a Surbakti Subaldi =245 1#$$a Revormasi Kekuasaan Presiden, A.Ramla Subaldi =260 ##$$a 1998 :$b Jakarta =300 ##$$a vi, 94 hlm, 18 cm =650 #4$$a Kekuasaan Eksekutif =990 ##$$a DW00027394 =990 ##$$a Dw00027395 =990 ##$$a DW00027396